The animator's motion capture guide (Record no. 5925)
[ view plain ]
| 000 -LEADER | |
|---|---|
| fixed length control field | 01643cam a2200217 4500 |
| 001 - CONTROL NUMBER | |
| control field | 6989 |
| 020 ## - INTERNATIONAL STANDARD BOOK NUMBER | |
| International Standard Book Number | 1584502916 (pbk. : alk. paper) |
| 100 1# - MAIN ENTRY--PERSONAL NAME | |
| Personal name | Liverman, Matthew |
| 245 14 - TITLE STATEMENT | |
| Title | The animator's motion capture guide |
| Medium | [electronic resource] : |
| Remainder of title | organizing, managing, and editing / |
| Statement of responsibility, etc. | Matthew Liverman |
| 250 ## - EDITION STATEMENT | |
| Edition statement | 1st ed |
| 260 ## - PUBLICATION, DISTRIBUTION, ETC. | |
| Place of publication, distribution, etc. | Hingham, Mass. : |
| Name of publisher, distributor, etc. | Charles River Media, |
| Date of publication, distribution, etc. | c2004 |
| 300 ## - PHYSICAL DESCRIPTION | |
| Extent | xviii, 307 p. : |
| Other physical details | ill |
| 504 ## - BIBLIOGRAPHY, ETC. NOTE | |
| Bibliography, etc. note | Includes bibliographical references (p. 295-296) and index |
| 505 ## - FORMATTED CONTENTS NOTE | |
| Formatted contents note | An introduction to motion capture -- Motion capture and your project -- The motion list -- Flowcharts and motion diagrams -- The motion database -- Directory structure and filenaming convention -- Markers and marker configuration -- Selecting a motion capture studio -- Motion performers, stunt coordination, and directing -- Final preparations before the capture session -- The motion capture session -- Post production -- The Carrion project -- Glossary. |
| 506 ## - RESTRICTIONS ON ACCESS NOTE | |
| Terms governing access | Access restricted to subscribing institutions |
| 520 ## - SUMMARY, ETC. | |
| Summary, etc. | Focusing on the organization aspects of animation based on a live performer, this book explains the importance of creating a motion list and flowchart of all motions that will be captured during a session, surveys factors to consider when selecting a motion capture studio, and walks through the process of choosing the number of seconds or frames of each motion captured that will be processed and delivered. |
| 650 #0 - SUBJECT ADDED ENTRY--TOPICAL TERM | |
| Topical term or geographic name entry element | Computer Animation |
| Topical term or geographic name entry element | Motion |
| General subdivision | Computer simulation |
| 830 #0 - SERIES ADDED ENTRY--UNIFORM TITLE | |
| Uniform title | Game development series (Charles River Media (Firm)) |
| Withdrawn status | Lost status | Source of classification or shelving scheme | Damaged status | Not for loan | Collection code | Home library | Current library | Shelving location | Date acquired | Serial Enumeration / chronology | Inventory number | Total Checkouts | Full call number | Barcode | Date last seen | Price effective from | Koha item type |
|---|---|---|---|---|---|---|---|---|---|---|---|---|---|---|---|---|---|
| Dewey Decimal Classification | Main TEST | RTC Library | RTC Library | Main opac | 27/11/2018 | 10824 | 006.6 LIV | 30010709 | 27/11/2018 | 27/11/2018 | Main |